000 00791nam a2200217Ia 4500
003 GCL
008 140319s9999 xx 000 0 ara d
040 _aGCL /
_cGCL
082 0 4 _a212
_bا ع
100 1 _aابراهيم بن على الوزير
245 1 0 _aعلى مشارف القرن الخامس عشر الهجرى: دراسة السنن الالهية و المسلم المعاصر /
_cابراهيم بن على الوزير
260 _a[S.N] :
_bدار الشروق ،
_c1989
300 _a174 ص
490 _a
650 0 4 _aالاسلام
650 0 4 _aالحركات الفكرية عند المسلمين
650 0 4 _aالاخلاق الاسلامية
650 0 4 _aالشريعة الاسلامية
650 0 4 _aالفقه الاسلامى
942 _2ddc
_cBK
999 _c52441
_d52441